[Event "Madrid ch 2016/2017 - Previa B"]
[Site "Madrid ESP"]
[Date "2017.02.17"]
[Round "6.7"]
[White "Moro Serrano, Federico"]
[Black "Anton Quevedo, Andrea"]
[Result "0-1"]
[WhiteElo "1626"]
[BlackElo "1922"]
[PlyCount "76"]
[EventDate "2017.02.02"]
[EventType "swiss"]
[EventRounds "9"]
[EventCountry "ESP"]
[SourceTitle "Ajedrez en Madrid"]
[Source "lmi"]
[SourceDate "2017.02.02"]

1. e4 Nf6 2. e5 Nd5 3. d4 d6 4. c4 Nb6 5. exd6 exd6 6. Nf3 Be7 7. Be2 O-O 8.
O-O Nc6 9. d5 Ne5 10. Nxe5 dxe5 11. Nc3 Bf5 12. Be3 Nd7 13. Bd3 Bxd3 14. Qxd3
b6 15. Rad1 f5 16. Qe2 Qe8 17. Rfe1 Qg6 18. Bf4 Bd6 19. Bd2 a6 20. a3 e4 21.
Qe3 h6 22. Qh3 Ne5 23. Kh1 Nxc4 24. Bc1 Rae8 25. b3 Ne5 26. Bf4 Nd3 27. Rxd3
exd3 28. Rxe8 Rxe8 29. Bd2 f4 30. Qd7 Qh5 31. h3 f3 32. Qg4 Qxg4 33. hxg4 fxg2+
34. Kxg2 Bxa3 35. Kf3 Bc5 36. Ne4 Bd4 37. Be3 Bxe3 38. Kxe3 d2 0-1

[Event "Madrid ch 2016/2017 - Previa B"]
[Site "Madrid ESP"]
[Date "2017.02.17"]
[Round "6.8"]
[White "Baeza Escudero, Javier"]
[Black "Leniz Martinez, Francisco"]
[Result "1-0"]
[WhiteElo "1821"]
[BlackElo "1721"]
[PlyCount "91"]
[EventDate "2017.02.02"]
[EventType "swiss"]
[EventRounds "9"]
[EventCountry "ESP"]
[SourceTitle "Ajedrez en Madrid"]
[Source "lmi"]
[SourceDate "2017.02.02"]

1. d4 c5 2. d5 e5 3. c4 d6 4. Nc3 Be7 5. Nf3 Bg4 6. e3 Nf6 7. Bd3 Bh5 8. O-O
O-O 9. e4 a6 10. a3 Nbd7 11. Rb1 Ne8 12. h3 Bxf3 13. Qxf3 Bg5 14. Be3 Bf6 15.
b4 b6 16. Ne2 g6 17. Qg3 Bg7 18. Bc2 Nc7 19. Nc3 Rb8 20. a4 Qe7 21. b5 a5 22.
Rbe1 Ne8 23. Ne2 Ndf6 24. f4 Nh5 25. Qg5 Qd7 26. f5 Rb7 27. Qh4 Qe7 28. Qxe7
Rxe7 29. g4 Nf4 30. Nxf4 exf4 31. Bxf4 Bd4+ 32. Kg2 Kg7 33. g5 f6 34. h4 Be5
35. Be3 Kh8 36. Rh1 Ng7 37. Ref1 Ref7 38. Bd1 gxf5 39. exf5 fxg5 40. hxg5 Nxf5
41. Bf2 Rg7 42. Rh5 Bf6 43. Bc2 Bxg5 44. Kh3 Ne7 45. Bd4 Rxf1 46. Rxh7+ 1-0

[Event "Madrid ch 2016/2017 - Previa B"]
[Site "Madrid ESP"]
[Date "2017.02.17"]
[Round "6.9"]
[White "Rodriguez Bernal, Herman"]
[Black "Benitez Cadenas, Luis Miguel"]
[Result "1-0"]
[WhiteElo "1781"]
[BlackElo "1572"]
[PlyCount "69"]
[EventDate "2017.02.02"]
[EventType "swiss"]
[EventRounds "9"]
[EventCountry "ESP"]
[SourceTitle "Ajedrez en Madrid"]
[Source "lmi"]
[SourceDate "2017.02.02"]

1. d4 d5 2. c4 e6 3. Nc3 Nf6 4. Bg5 Be7 5. e3 h6 6. Bxf6 Bxf6 7. Nf3 O-O 8. Qc2
b6 9. cxd5 exd5 10. Bd3 Be6 11. O-O-O Nd7 12. h4 c5 13. Bf5 Qe7 14. g4 cxd4 15.
exd4 g6 16. Bxe6 Qxe6 17. g5 Bg7 18. Rhe1 Qd6 19. Kb1 Qf4 20. Re3 Rfc8 21. Qd3
Qd6 22. Qb5 Rc4 23. Nxd5 Rcc8 24. Ne7+ Kf8 25. Nxc8 Rxc8 26. Rc3 Rd8 27. a3 Nc5
28. Re1 a6 29. dxc5 axb5 30. cxd6 Bxc3 31. bxc3 hxg5 32. hxg5 Rxd6 33. Nd4 Rd5
34. f4 Rf5 35. Nxf5 1-0

[Event "Madrid ch 2016/2017 - Previa B"]
[Site "Madrid ESP"]
[Date "2017.02.17"]
[Round "6.10"]
[White "Peña Marina, Jose Maria"]
[Black "Alameda Arellano, Cristeto"]
[Result "1/2-1/2"]
[WhiteElo "1762"]
[BlackElo "1507"]
[PlyCount "111"]
[EventDate "2017.02.02"]
[EventType "swiss"]
[EventRounds "9"]
[EventCountry "ESP"]
[SourceTitle "Ajedrez en Madrid"]
[Source "lmi"]
[SourceDate "2017.02.02"]

1. c4 c6 2. Nc3 d5 3. cxd5 cxd5 4. d4 Nf6 5. Nf3 Nc6 6. e3 a6 7. Be2 Bg4 8. h3
Bh5 9. O-O e6 10. Re1 Bd6 11. a3 O-O 12. Bd2 Bc7 13. Rc1 Qd6 14. b4 b5 15. Qc2
Bg6 16. Nxb5 Bxc2 17. Nxd6 Ba4 18. Nb7 Rfb8 19. Nc5 Bb5 20. Bxb5 axb5 21. Nxe6
fxe6 22. Rxc6 Bd8 23. Rec1 Ne4 24. Be1 Kf7 25. Ne5+ Ke7 26. f3 Nd6 27. R6c3 Ke8
28. Nc6 Rc8 29. Nxd8 Rxc3 30. Rxc3 Kxd8 31. Bd2 Nc4 32. Bc1 Kd7 33. Kf2 Kd6 34.
Ke2 e5 35. Kd3 Rf8 36. Ke2 Re8 37. Rd3 e4 38. fxe4 dxe4 39. Rc3 Kd5 40. Rc2 Rf8
41. Ke1 g5 42. Rf2 Rxf2 43. Kxf2 h5 44. Kg3 Nd6 45. Kf2 h4 46. g3 Nf5 47. gxh4
gxh4 48. Bd2 Kc4 49. Ke2 Kd5 50. Be1 Kc4 51. Bf2 Kd5 52. Kd2 Kc4 53. Kc2 Ng3
54. Kd2 Nf5 55. Kc2 Ng3 56. Kd2 1/2-1/2

[Event "Madrid ch 2016/2017 - Previa B"]
[Site "Madrid ESP"]
[Date "2017.02.17"]
[Round "6.11"]
[White "Lopez Martinez, Antonio"]
[Black "Ochoa Gonzalez, Hugo"]
[Result "0-1"]
[WhiteElo "1648"]
[BlackElo "1422"]
[PlyCount "64"]
[EventDate "2017.02.02"]
[EventType "swiss"]
[EventRounds "9"]
[EventCountry "ESP"]
[SourceTitle "Ajedrez en Madrid"]
[Source "lmi"]
[SourceDate "2017.02.02"]

1. e4 c5 2. Nf3 e6 3. d4 cxd4 4. Nxd4 a6 5. Be2 Qc7 6. Nb3 Nf6 7. Bf3 Nc6 8. g3
b5 9. a3 Bb7 10. Bf4 d6 11. Nc3 Ne5 12. Bxe5 dxe5 13. Qe2 Be7 14. O-O O-O 15.
g4 b4 16. axb4 Bxb4 17. Na4 Rfd8 18. c3 Be7 19. Rfd1 Bc6 20. Rxd8+ Rxd8 21. Qe3
Nd7 22. Nd2 h6 23. Qe2 Bg5 24. Nc4 Bb5 25. b3 Nc5 26. Nxc5 Qxc5 27. Qa2 Bxc4
28. Qb1 Rd2 29. Qe1 Rxf2 30. Qxf2 Be3 31. Kg2 Bxf2 32. bxc4 Bh4 0-1

[Event "Madrid ch 2016/2017 - Previa B"]
[Site "Madrid ESP"]
[Date "2017.02.17"]
[Round "6.12"]
[White "Dominguez Afonso, Ayraldo"]
[Black "Molina Garcia, Francisco J"]
[Result "0-1"]
[WhiteElo "1595"]
[BlackElo "1965"]
[PlyCount "52"]
[EventDate "2017.02.02"]
[EventType "swiss"]
[EventRounds "9"]
[EventCountry "ESP"]
[SourceTitle "Ajedrez en Madrid"]
[Source "lmi"]
[SourceDate "2017.02.02"]

1. e4 c5 2. Nf3 d6 3. d4 cxd4 4. Nxd4 Nf6 5. Nc3 a6 6. Be3 e5 7. Nb3 Be6 8. Qd2
Be7 9. f3 Nbd7 10. O-O-O b5 11. g4 O-O 12. h4 b4 13. Nd5 Bxd5 14. exd5 a5 15.
Kb1 Nb6 16. Bxb6 Qxb6 17. g5 Nh5 18. Bh3 a4 19. Nc1 Nf4 20. Bf5 Ra5 21. Nd3
Nxd5 22. Be4 Nc3+ 23. Ka1 Nxd1 24. Qxd1 b3 25. Rg1 bxc2 26. Qxc2 Qxg1+ 0-1

[Event "Madrid ch 2016/2017 - Previa B"]
[Site "Madrid ESP"]
[Date "2017.02.17"]
[Round "6.13"]
[White "Osuna Osuna, Francisco"]
[Black "Alvear Zapata, Juan Pablo"]
[Result "1-0"]
[WhiteElo "1588"]
[BlackElo "1503"]
[PlyCount "64"]
[EventDate "2017.02.02"]
[EventType "swiss"]
[EventRounds "9"]
[EventCountry "ESP"]
[SourceTitle "Ajedrez en Madrid"]
[Source "lmi"]
[SourceDate "2017.02.02"]

1. e4 Nf6 2. Nc3 d5 3. e5 d4 4. exf6 dxc3 5. fxg7 cxd2+ 6. Qxd2 Qxd2+ 7. Bxd2
Bxg7 8. O-O-O Nc6 9. Bb5 Bd7 10. Ne2 O-O-O 11. Bc3 Bh6+ 12. Kb1 Rhg8 13. g3 Bg4
14. Rxd8+ Rxd8 15. Nc1 Bf3 16. Re1 Bd2 17. Bxd2 Rxd2 18. Bxc6 Bxc6 19. Rxe7
Rxf2 20. a3 Bd5 21. Re2 Rf1 22. b3 Kd7 23. Kb2 Be6 24. Rd2+ Ke7 25. Nd3 b6 26.
Ne5 Kf6 27. Nc6 a5 28. Nd4 Kg5 29. Nxe6+ fxe6 30. Rd7 e5 31. Rxh7 e4 32. Re7
Kf6 1-0

[Event "Madrid ch 2016/2017 - Previa B"]
[Site "Madrid ESP"]
[Date "2017.02.17"]
[Round "6.14"]
[White "Pareja Cerrato, Antonio"]
[Black "Rodriguez Torres, Manuel"]
[Result "1-0"]
[WhiteElo "1509"]
[BlackElo "1588"]
[PlyCount "67"]
[EventDate "2017.02.02"]
[EventType "swiss"]
[EventRounds "9"]
[EventCountry "ESP"]
[SourceTitle "Ajedrez en Madrid"]
[Source "lmi"]
[SourceDate "2017.02.02"]

1. e4 c5 2. Nf3 Nc6 3. d4 cxd4 4. Nxd4 e5 5. Nb3 Nf6 6. Nc3 Bb4 7. Bd3 d5 8.
exd5 Nxd5 9. Bd2 Be6 10. O-O O-O 11. Qh5 f5 12. a3 Bxc3 13. bxc3 Nf6 14. Qe2
Qe7 15. Be3 b6 16. Rfe1 Ng4 17. h3 f4 18. Bd2 f3 19. Qe4 Qh4 20. hxg4 fxg2 21.
Qxg2 Bxg4 22. Be4 Rac8 23. Re3 Ne7 24. Rg3 Bf5 25. Rxg7+ Kh8 26. Bxf5 Rxf5 27.
Rg3 Rcf8 28. Bg5 Rxg5 29. Rxg5 Ng6 30. Rg4 Qh6 31. Qh2 Qg7 32. Rd1 Qf6 33. Rd7
Ne7 34. Qh4 1-0

[Event "Madrid ch 2016/2017 - Previa B"]
[Site "Madrid ESP"]
[Date "2017.02.17"]
[Round "6.15"]
[White "Fernandez Garcia, Emiliano"]
[Black "Ghavami, Mahmoud"]
[Result "0-1"]
[WhiteElo "1541"]
[BlackElo "1586"]
[PlyCount "84"]
[EventDate "2017.02.02"]
[EventType "swiss"]
[EventRounds "9"]
[EventCountry "ESP"]
[SourceTitle "Ajedrez en Madrid"]
[Source "lmi"]
[SourceDate "2017.02.02"]

1. d4 Nf6 2. c4 g6 3. Nc3 c6 4. e4 d5 5. cxd5 cxd5 6. e5 Ng8 7. Nf3 e6 8. Bd2
Nc6 9. a3 Bd7 10. Be2 Rc8 11. O-O a6 12. b4 Qb6 13. Na4 Qd8 14. Nc5 Qc7 15. Qb3
Na7 16. a4 Ne7 17. Rfc1 Nf5 18. Nxa6 Qd8 19. Rxc8 Bxc8 20. Nc5 Bg7 21. a5 O-O
22. Rc1 Nh4 23. g3 Nxf3+ 24. Qxf3 f6 25. Qc3 fxe5 26. dxe5 Nc6 27. f4 Ne7 28.
a6 bxa6 29. Bxa6 Qb6 30. Be2 Nf5 31. Kg2 Rd8 32. Qb3 Nd4 33. Qd3 Nxe2 34. Qxe2
Re8 35. b5 Bf8 36. Be3 Bxc5 37. Bxc5 Qa5 38. b6 Bb7 39. Qb2 Ra8 40. Bd6 d4+ 41.
Kf2 Qd5 42. Ke1 Ra2 0-1

[Event "Madrid ch 2016/2017 - Previa B"]
[Site "Madrid ESP"]
[Date "2017.02.17"]
[Round "6.16"]
[White "Herreros Villalba, Ana"]
[Black "Ojosnegros Martin, Angel"]
[Result "0-1"]
[WhiteElo "1114"]
[BlackElo "1516"]
[PlyCount "72"]
[EventDate "2017.02.02"]
[EventType "swiss"]
[EventRounds "9"]
[EventCountry "ESP"]
[SourceTitle "Ajedrez en Madrid"]
[Source "lmi"]
[SourceDate "2017.02.02"]

1. e4 e5 2. Nf3 Nc6 3. d3 h6 4. g3 Nf6 5. Bg2 Be7 6. O-O O-O 7. Nbd2 d6 8. a3
Be6 9. c3 Qd7 10. Re1 Rad8 11. Qc2 Rfe8 12. b4 Qc8 13. Bb2 Bf8 14. d4 exd4 15.
cxd4 d5 16. e5 Nd7 17. Rad1 Nb6 18. Nb3 Nc4 19. Qc3 b6 20. Nbd2 Nxb2 21. Qxb2
Qd7 22. Rc1 a5 23. b5 Na7 24. a4 Bb4 25. Qc2 Rc8 26. Re3 c6 27. bxc6 Nxc6 28.
Qb2 Qe7 29. Ra1 Bf5 30. Bf1 Na7 31. Nb1 Rc2 32. Qb3 Rc1 33. Kg2 Qe6 34. Ne1
Bxe1 35. Qb2 Bh3+ 36. Kf3 Qg4# 0-1

[Event "Madrid ch 2016/2017 - Previa B"]
[Site "Madrid ESP"]
[Date "2017.02.17"]
[Round "6.18"]
[White "Cortijo Manso, Luis"]
[Black "Perdiguero Herreros, Alejandro"]
[Result "1-0"]
[WhiteElo "1518"]
[BlackElo "1409"]
[PlyCount "72"]
[EventDate "2017.02.02"]
[EventType "swiss"]
[EventRounds "9"]
[EventCountry "ESP"]
[SourceTitle "Ajedrez en Madrid"]
[Source "lmi"]
[SourceDate "2017.02.02"]

1. Nf3 Nc6 2. d4 e6 3. g3 Nf6 4. Bg2 d5 5. O-O Bd6 6. Nbd2 b6 7. c4 O-O 8. Re1
Ba6 9. Qc2 Bb4 10. cxd5 Ne7 11. dxe6 fxe6 12. a3 Bd6 13. Ng5 Nf5 14. Nxe6 Qd7
15. Nxf8 Nxd4 16. Nxd7 Nxc2 17. Nxf6+ gxf6 18. Bxa8 Nxe1 19. Bd5+ Kg7 20. Bc4
Nc2 21. Rb1 Bb7 22. Bd3 Nd4 23. Nc4 Be7 24. Ne3 Bc8 25. Nd5 Bd6 26. Be3 Nb3 27.
Bc4 Na5 28. Rc1 Be6 29. Ba2 c6 30. Nc3 Bg4 31. f3 Bh3 32. b4 Nb7 33. Ne4 Be5
34. Bf4 Bd4+ 35. e3 Bb2 36. Rc2 Bxa3 1-0

[Event "Madrid ch 2016/2017 - Previa B"]
[Site "Madrid ESP"]
[Date "2017.02.18"]
[Round "7.1"]
[White "Garcia Prados, David"]
[Black "Marin Aso, Jose Luis"]
[Result "0-1"]
[WhiteElo "1928"]
[BlackElo "1882"]
[PlyCount "66"]
[EventDate "2017.02.02"]
[EventType "swiss"]
[EventRounds "9"]
[EventCountry "ESP"]
[SourceTitle "Ajedrez en Madrid"]
[Source "lmi"]
[SourceDate "2017.02.02"]

1. e4 c5 2. Nf3 e6 3. Be2 Nc6 4. O-O Nf6 5. d3 d5 6. Nbd2 Bd6 7. b3 O-O 8. Bb2
d4 9. h3 Bc7 10. a3 a6 11. Nh2 e5 12. Kh1 Ne7 13. Rg1 Ng6 14. Ndf1 Nf4 15. Bc1
Be6 16. Bg4 Nxg4 17. hxg4 b5 18. g3 Ng6 19. Kg2 c4 20. bxc4 bxc4 21. Nd2 cxd3
22. cxd3 Qd7 23. Nb3 Qb5 24. Rb1 Rab8 25. Qc2 Bxb3 26. Qxc7 Qxd3 27. Rb2 Qxe4+
28. f3 Qb7 29. Qa5 Qb5 30. Qc7 Rfc8 31. Qd6 Rd8 32. Qc7 Rd7 33. Rxb3 Rxc7 0-1

[Event "Madrid ch 2016/2017 - Previa B"]
[Site "Madrid ESP"]
[Date "2017.02.18"]
[Round "7.2"]
[White "Vazquez Gonzalez, Jesus"]
[Black "Garcia Serrano, Jose M"]
[Result "1-0"]
[WhiteElo "1911"]
[BlackElo "1859"]
[PlyCount "87"]
[EventDate "2017.02.02"]
[EventType "swiss"]
[EventRounds "9"]
[EventCountry "ESP"]
[SourceTitle "Ajedrez en Madrid"]
[Source "lmi"]
[SourceDate "2017.02.02"]

1. e4 e5 2. Nf3 Nc6 3. Bc4 Nf6 4. Ng5 d5 5. exd5 Nd4 6. c3 b5 7. Bf1 Nxd5 8.
cxd4 Qxg5 9. Bxb5+ Kd8 10. O-O Bb7 11. Qf3 Rb8 12. dxe5 Ne3 13. Qh3 Qxg2+ 14.
Qxg2 Nxg2 15. d4 Be7 16. Be2 Nh4 17. f4 Nf5 18. Rd1 a6 19. Nc3 h5 20. Bc4 Ke8
21. Nd5 Bxd5 22. Bxd5 Rb4 23. Bc6+ Kd8 24. Bd2 Rb6 25. Rac1 Bb4 26. Be4 g6 27.
a3 Bxd2 28. Rxd2 Kd7 29. Rdc2 Rc8 30. Bxf5+ gxf5 31. b4 Rg6+ 32. Kf2 Rg4 33.
Kf3 Rh4 34. d5 Rh3+ 35. Kg2 Rxa3 36. Rc6 Rd3 37. R1c5 Rd4 38. e6+ fxe6 39.
dxe6+ Ke7 40. Rxf5 Rg8+ 41. Kf3 Rg7 42. Rxh5 Kf6 43. Rh6+ Ke7 44. Rxc7+ 1-0

[Event "Madrid ch 2016/2017 - Previa B"]
[Site "Madrid ESP"]
[Date "2017.02.18"]
[Round "7.3"]
[White "Barragan Arriaza, Pablo"]
[Black "Tarrio Ocaña, Jose Manuel"]
[Result "1/2-1/2"]
[WhiteElo "1813"]
[BlackElo "1785"]
[PlyCount "93"]
[EventDate "2017.02.02"]
[EventType "swiss"]
[EventRounds "9"]
[EventCountry "ESP"]
[SourceTitle "Ajedrez en Madrid"]
[Source "lmi"]
[SourceDate "2017.02.02"]

1. c4 e6 2. g3 d5 3. Nf3 Nf6 4. b3 d4 5. Bb2 c5 6. Bg2 Nc6 7. a3 e5 8. O-O Bd6
9. d3 O-O 10. e4 a5 11. Nbd2 Bd7 12. h3 h6 13. Ne1 Nh7 14. f4 f5 15. Bc1 Qc7
16. Qf3 exf4 17. gxf4 fxe4 18. Nxe4 Be7 19. Nxc5 Bxc5 20. Qd5+ Kh8 21. Qxc5 Rf5
22. Bd5 b6 23. Qb5 Ne7 24. Qxd7 Qxd7 25. Bxa8 Rf6 26. Bg2 Nf5 27. Nf3 Ne3 28.
Ne5 Qd6 29. Bxe3 dxe3 30. Rae1 Qd4 31. Be4 e2+ 32. Rf2 Ng5 33. Bg2 Ne6 34. Nc6
Qd6 35. Rfxe2 Nxf4 36. Re8+ Rf8 37. Rxf8+ Qxf8 38. d4 Nxg2 39. Kxg2 Qxa3 40. d5
Qxb3 41. Ne5 Qc2+ 42. Kf3 Qf5+ 43. Kg2 Qg5+ 44. Kf3 Qf5+ 45. Kg2 Qc2+ 46. Kf3
Qf5+ 47. Kg2 1/2-1/2

[Event "Madrid ch 2016/2017 - Previa B"]
[Site "Madrid ESP"]
[Date "2017.02.18"]
[Round "7.4"]
[White "Vazquez Gonzalez, Francisco"]
[Black "Morera Rodriguez, Ignacio"]
[Result "1/2-1/2"]
[WhiteElo "1943"]
[BlackElo "1972"]
[PlyCount "165"]
[EventDate "2017.02.02"]
[EventType "swiss"]
[EventRounds "9"]
[EventCountry "ESP"]
[SourceTitle "Ajedrez en Madrid"]
[Source "lmi"]
[SourceDate "2017.02.02"]

1. e4 c5 2. Nc3 a6 3. Nf3 d6 4. d4 cxd4 5. Nxd4 Nf6 6. f3 e6 7. Be3 b5 8. Qd2
Bb7 9. O-O-O Nbd7 10. g4 Nb6 11. g5 Nfd7 12. h4 Ne5 13. Qf2 Nbc4 14. Bf4 Qc7
15. Bxc4 Qxc4 16. Nb3 Qc7 17. h5 Rc8 18. g6 hxg6 19. Bxe5 dxe5 20. hxg6 Rxh1
21. gxf7+ Qxf7 22. Rxh1 b4 23. Nd1 Qc7 24. Ne3 a5 25. Qg2 a4 26. Qg6+ Qf7 27.
Qxf7+ Kxf7 28. Nd2 Be7 29. Nec4 Rc5 30. Rh5 Kf6 31. b3 a3 32. Kd1 Bc6 33. Rh8
Rb5 34. Rc8 Bd7 35. Rh8 Kg5 36. Rh2 Kg6 37. Rh8 Bg5 38. Ke2 Bf4 39. Rd8 Rb7 40.
Nd6 Bb5+ 41. N2c4 Bxc4+ 42. bxc4 Rc7 43. Rc8 Rd7 44. c5 Bg5 45. Nc4 Rd4 46.
Nxe5+ Kf6 47. Nd3 Rc4 48. Ne1 Bh4 49. c6 Bxe1 50. Kxe1 Rxc2 51. Kd1 Rc3 52. c7
Ke5 53. Kd2 Kd6 54. e5+ Kxe5 55. Rb8 Rxc7 56. Rxb4 Ra7 57. Ke3 g5 58. Rb5+ Kf6
59. Rb4 e5 60. Ke4 Ra6 61. Rc4 Ke6 62. Rb4 Kf6 63. Rc4 Rd6 64. Ra4 Rd4+ 65.
Rxd4 exd4 66. Kxd4 Kf5 67. Kd3 Kf4 68. Ke2 Kf5 69. Kd3 Kf4 70. Ke2 Kg3 71. Ke3
Kg2 72. Ke2 Kg1 73. Ke1 Kh2 74. Kf2 Kh3 75. Kf1 Kg3 76. Ke2 Kg2 77. Ke3 Kf1 78.
Ke4 Kf2 79. f4 gxf4 80. Kxf4 Ke2 81. Kg3 Ke3 82. Kg2 Kd3 83. Kf2 1/2-1/2

[Event "Madrid ch 2016/2017 - Previa B"]
[Site "Madrid ESP"]
[Date "2017.02.18"]
[Round "7.5"]
[White "Anton Quevedo, Andrea"]
[Black "Baeza Escudero, Javier"]
[Result "0-1"]
[WhiteElo "1922"]
[BlackElo "1821"]
[PlyCount "70"]
[EventDate "2017.02.02"]
[EventType "swiss"]
[EventRounds "9"]
[EventCountry "ESP"]
[SourceTitle "Ajedrez en Madrid"]
[Source "lmi"]
[SourceDate "2017.02.02"]

1. e4 e5 2. f4 Bc5 3. Nf3 d6 4. Bb5+ c6 5. Bc4 Nf6 6. Qe2 O-O 7. Nc3 exf4 8. d4
Bb6 9. Bxf4 d5 10. exd5 cxd5 11. Bb5 Nc6 12. O-O-O Bf5 13. Be5 Re8 14. h3 Ba5
15. g4 Bg6 16. Na4 Ne4 17. Qg2 f6 18. Bf4 Bc7 19. Bxc7 Qxc7 20. Nc5 Qa5 21. a4
a6 22. Bd3 b6 23. Nxe4 dxe4 24. Bc4+ Kh8 25. Nd2 Qxa4 26. Bb3 Qxd4 27. h4 Na5
28. Ba2 e3 29. Nb3 Qa4 30. Nxa5 Qxa2 31. Nb3 Rac8 32. Rhe1 Qxb3 33. Re2 Qa2 34.
Rxe3 Rxe3 35. Qb7 Rxc2# 0-1

[Event "Madrid ch 2016/2017 - Previa B"]
[Site "Madrid ESP"]
[Date "2017.02.18"]
[Round "7.6"]
[White "Del Noval Nemeshazi, Nesztor"]
[Black "Fernandez Estremera, Fernando"]
[Result "1-0"]
[WhiteElo "1878"]
[BlackElo "1793"]
[PlyCount "121"]
[EventDate "2017.02.02"]
[EventType "swiss"]
[EventRounds "9"]
[EventCountry "ESP"]
[SourceTitle "Ajedrez en Madrid"]
[Source "lmi"]
[SourceDate "2017.02.02"]

1. e4 d6 2. d4 Nf6 3. Nc3 e5 4. Nf3 Nbd7 5. g4 Nxg4 6. Rg1 Ngf6 7. Bc4 h6 8.
Be3 a6 9. dxe5 dxe5 10. Qe2 c6 11. O-O-O Qc7 12. Nh4 Nb6 13. Bb3 g5 14. Nf5
Bxf5 15. exf5 Nc8 16. h4 g4 17. f3 gxf3 18. Qxf3 Nd6 19. Na4 Nd7 20. Be6 Rd8
21. Bxd7+ Qxd7 22. Bb6 Rc8 23. f6 Qf5 24. Qxf5 Nxf5 25. Rge1 Bd6 26. Bc5 Bc7
27. Nb6 Rd8 28. Nc4 Rxd1+ 29. Kxd1 Kd7 30. Nxe5+ Bxe5 31. Rxe5 Nxh4 32. Re7+
Kc8 33. Rxf7 Rd8+ 34. Ke2 Ng6 35. Rh7 Nf4+ 36. Kf3 Ne6 37. Be3 Rf8 38. Rxh6 Nc7
39. c4 b5 40. b3 Ne8 41. Bg5 Nd6 42. c5 Nf5 43. Rg6 Nd4+ 44. Ke4 Ne6 45. Bh6
Rf7 46. b4 Kd7 47. Ke5 Nc7 48. Rg7 Ke8 49. Kd6 Rxf6+ 50. Kxc7 Rxh6 51. Kb6 Rh4
52. a3 Rh3 53. Kxa6 Rxa3+ 54. Kb6 Rb3 55. Rg4 Kd8 56. Kxc6 Re3 57. Kxb5 Re6 58.
Rg7 Kc8 59. c6 Kb8 60. Kb6 Kc8 61. Rg8+ 1-0

[Event "Madrid ch 2016/2017 - Previa B"]
[Site "Madrid ESP"]
[Date "2017.02.18"]
[Round "7.7"]
[White "Cuellar Gutierrez, Raul"]
[Black "Ingunza Curro, Andres"]
[Result "0-1"]
[WhiteElo "1835"]
[BlackElo "1670"]
[PlyCount "84"]
[EventDate "2017.02.02"]
[EventType "swiss"]
[EventRounds "9"]
[EventCountry "ESP"]
[SourceTitle "Ajedrez en Madrid"]
[Source "lmi"]
[SourceDate "2017.02.02"]

1. e4 c5 2. Nf3 d6 3. d3 Nc6 4. g3 g6 5. Bg2 Bg7 6. c3 e5 7. O-O Nge7 8. Be3
O-O 9. Qd2 f5 10. Bh6 f4 11. Bxg7 Kxg7 12. Na3 h6 13. Nc2 g5 14. d4 Ng6 15.
dxe5 g4 16. Nfe1 dxe5 17. Rd1 Qg5 18. Qd6 h5 19. Nd3 h4 20. Nxc5 hxg3 21. fxg3
f3 22. Bh1 Rf6 23. Qd2 Qh5 24. Rf2 b6 25. Nb3 Be6 26. Ne3 Nge7 27. c4 Rh6 28.
Nd5 Rah8 29. Nxe7 Nxe7 30. Qd6 Kf7 31. Qd3 Nc6 32. Qc3 Qg5 33. c5 Rc8 34. Rfd2
Rhh8 35. h4 gxh3 36. Qxf3+ Ke7 37. Qc3 h2+ 38. Kf1 Rcf8+ 39. Ke1 Qf6 40. Rg2
Bg4 41. Rd3 Qf1+ 42. Kd2 Qd1+ 0-1

[Event "Madrid ch 2016/2017 - Previa B"]
[Site "Madrid ESP"]
[Date "2017.02.18"]
[Round "7.8"]
[White "Ocaña Lameiro, Oliver"]
[Black "Osuna Osuna, Francisco"]
[Result "1-0"]
[WhiteElo "1982"]
[BlackElo "1588"]
[PlyCount "133"]
[EventDate "2017.02.02"]
[EventType "swiss"]
[EventRounds "9"]
[EventCountry "ESP"]
[SourceTitle "Ajedrez en Madrid"]
[Source "lmi"]
[SourceDate "2017.02.02"]

1. c4 f5 2. d4 e6 3. g3 Nf6 4. Bg2 c6 5. Nf3 d5 6. O-O Bd6 7. b3 O-O 8. Bb2 Ne4
9. Ne5 Nd7 10. Nxd7 Bxd7 11. f3 Nf6 12. Nd2 Qe8 13. e4 fxe4 14. fxe4 dxe4 15.
Nxe4 Nxe4 16. Rxf8+ Qxf8 17. Bxe4 Qf7 18. Qc2 Qh5 19. Rf1 Rf8 20. Rxf8+ Bxf8
21. Kg2 g6 22. h3 Qg5 23. Bc1 Qf6 24. Be3 a6 25. Qd2 Qf7 26. h4 Be7 27. Qa5 Bf6
28. Qc7 Be8 29. Qb8 Kf8 30. Bh6+ Bg7 31. Qd6+ Kg8 32. Bxg7 Kxg7 33. d5 cxd5 34.
cxd5 exd5 35. Bxd5 Qf6 36. Qxf6+ Kxf6 37. Bxb7 a5 38. Kf3 g5 39. Ke3 gxh4 40.
gxh4 Ke5 41. Be4 h6 42. a3 Bb5 43. Bd3 Bc6 44. h5 Bd5 45. Bc4 Bc6 46. Bf7 Be4
47. a4 Bc6 48. Kd3 Kd6 49. Kc4 Kc7 50. Kc5 Bd7 51. Kd5 Kd8 52. Kd6 Kc8 53. Be6
Bxe6 54. Kxe6 Kc7 55. Kf6 Kd6 56. Kg6 Ke6 57. Kxh6 Kf6 58. Kh7 Kf7 59. h6 Kf8
60. Kg6 Kg8 61. Kf6 Kh7 62. Ke6 Kxh6 63. Kd6 Kg6 64. Kc6 Kf6 65. Kb6 Ke6 66.
Kxa5 Kd5 67. Kb6 1-0

[Event "Madrid ch 2016/2017 - Previa B"]
[Site "Madrid ESP"]
[Date "2017.02.18"]
[Round "7.9"]
[White "Molina Garcia, Francisco J"]
[Black "Peña Marina, Jose Maria"]
[Result "1-0"]
[WhiteElo "1965"]
[BlackElo "1762"]
[PlyCount "109"]
[EventDate "2017.02.02"]
[EventType "swiss"]
[EventRounds "9"]
[EventCountry "ESP"]
[SourceTitle "Ajedrez en Madrid"]
[Source "lmi"]
[SourceDate "2017.02.02"]

1. d4 Nf6 2. c4 g6 3. Nc3 Bg7 4. e4 d6 5. f3 O-O 6. Be3 Nbd7 7. Qd2 e5 8. d5 b6
9. h4 Re8 10. g4 Nf8 11. h5 Bd7 12. hxg6 fxg6 13. Nge2 Re7 14. O-O-O Rf7 15.
Bh3 Qc8 16. Ng3 a6 17. Kb1 Ne8 18. Qg2 c5 19. dxc6 Bxc6 20. Bxb6 Rb7 21. Be3
Qc7 22. Nd5 Bxd5 23. cxd5 Rab8 24. Rd2 Qe7 25. Ne2 Nc7 26. Nc3 Nb5 27. Nxb5
Rxb5 28. Rc1 g5 29. Qf2 Nd7 30. Bf1 Rb4 31. Bxa6 Nc5 32. Bxc5 dxc5 33. Qxc5 Bf8
34. Qxe7 Bxe7 35. Rc6 R4b6 36. Bc4 Bd6 37. Bb3 Kf8 38. Rh2 Kg7 39. Rhc2 h6 40.
Rxb6 Rxb6 41. Ba4 Bb8 42. Bd7 Bd6 43. Rc4 Ba3 44. b3 Bd6 45. Kc2 Rb7 46. Bc8
Rc7 47. Rc6 Rxc6+ 48. dxc6 Kf7 49. Kc3 Ke7 50. Kc4 Ba3 51. b4 Kd6 52. Bd7 Kc7
53. b5 Kb6 54. Kd5 Bc1 55. a4 1-0

[Event "Madrid ch 2016/2017 - Previa B"]
[Site "Madrid ESP"]
[Date "2017.02.18"]
[Round "7.10"]
[White "Alameda Arellano, Cristeto"]
[Black "Pareja Cerrato, Antonio"]
[Result "1-0"]
[WhiteElo "1507"]
[BlackElo "1509"]
[PlyCount "65"]
[EventDate "2017.02.02"]
[EventType "swiss"]
[EventRounds "9"]
[EventCountry "ESP"]
[SourceTitle "Ajedrez en Madrid"]
[Source "lmi"]
[SourceDate "2017.02.02"]

1. d4 d5 2. Bf4 Nf6 3. e3 e6 4. Nd2 Bd6 5. Bg3 Nc6 6. Ngf3 Bxg3 7. hxg3 Qd6 8.
c3 h6 9. Bd3 e5 10. dxe5 Nxe5 11. Nxe5 Qxe5 12. Nf3 Qe7 13. Qc2 b6 14. O-O Bb7
15. Nd4 Qe5 16. Bb5+ Kf8 17. Bc6 Bxc6 18. Nxc6 Qh5 19. Nd4 Ne4 20. c4 c5 21.
Nf3 Nf6 22. cxd5 Nxd5 23. e4 Nf6 24. Rad1 Ke7 25. e5 Ng4 26. Qe4 Rab8 27. Rd6
f5 28. Qd5 Kf8 29. Re1 Qf7 30. e6 Qe7 31. Qxf5+ Nf6 32. Rd7 g6 33. Qf4 1-0